000
00339 a2200157 4500
001
47203
020
_a
9780794411220
040
_c
Anchieta - Aquarius
100
_a
WHO, Guess
240
1
0
_a
Ocean friends
_l
Ing
245
1
0
_a
Ocean friends
300
_a
12p.
362
0
_a
2010
650
4
_a
Literatura infantil em inglês
942
_c
BK
999
_c
47203
_d
47203